MARC

Tag First Indicator Second Indicator Subfields
LEADER 00000cam a2200000 a 4500
001 in00001403880
005 20151020053209.0
008 970507s1997 gauc b s000 0 eng
010 |a  97020517  
020 |a 0820319015 (alk. paper) 
035 |a (OCoLC)36923150 
035 |9 AHM7366AM 
040 |a DLC  |c DLC  |d C#P  |d TXA  |d UtOrBLW 
043 |a n-usu-- 
049 |a TXAM 
050 0 0 |a E185.2  |b .C76 1997 
082 0 0 |a 973/.0496073  |2 21 
100 1 |a Cox, LaWanda C. Fenlason. 
245 1 0 |a Freedom, racism, and Reconstruction :  |b collected writings of LaWanda Cox /  |c edited by Donald G. Nieman. 
264 1 |a Athens :  |b University of Georgia Press,  |c [1997] 
264 4 |c ©1997 
300 |a xviii, 425 pages :  |b portrait ;  |c 25 cm. 
336 |a text  |b txt  |2 rdacontent 
337 |a unmediated  |b n  |2 rdamedia 
338 |a volume  |b nc  |2 rdacarrier 
504 |a Includes bibliographical references (pages 319-425). 
650 0 |a African Americans  |x History  |y 1863-1877. 
650 0 |a Reconstruction (U.S. history, 1865-1877) 
650 0 |a African Americans  |z Southern States  |x Economic conditions. 
650 0 |a Land tenure  |z Southern States  |x History  |y 19th century. 
650 0 |a African Americans  |x Civil rights  |z Southern States  |x History  |y 19th century. 
650 0 |a Freedmen  |z Southern States  |x Social conditions. 
651 0 |a Southern States  |x Race relations. 
700 1 |a Nieman, Donald G. 
999 |a MARS 
999 f f |s 424c406b-5562-386c-950f-3c4e4859d125  |i 4baf1c31-b506-3ca7-902b-04a5893d6c69  |t 0 
952 f f |p ric  |a Texas A&M University  |b Rellis Campus  |c Joint Library Facility  |d Remote Storage  |t 0  |e E185.2 .C76 1997  |h Library of Congress classification  |i unmediated -- volume  |m A14822059048 
998 f f |a E185.2 .C76 1997  |t 0  |l Remote Storage